| 000 | 00545nab a2200181 4500 | ||
|---|---|---|---|
| 999 |
_c371108 _d371108 |
||
| 001 | 866 | ||
| 003 | OSt | ||
| 005 | 20211112130739.0 | ||
| 007 | tu | ||
| 008 | |||||||||||| | ||
| 040 |
_aDE-2950 _cDE-2950 |
||
| 245 | 0 | 0 |
_aTagebuchaufzeichnungen meines Urgroßvaters Max Heilmann / _cDieter Reinhold |
| 260 | _c2021 | ||
| 525 | _aEnthaltene Fotografien: zahlreiche Fotografien | ||
| 653 | _aHeilmann, Max; Maler, Kunsterzieher, Sportlehrer, 1869-1956 | ||
| 773 | 0 |
_g01.01.2021-31.12.2021, S. 31-48 _tFrankfurter Jahrbuch 2021 |
|
| 942 |
_2z _cA |
||